[Event "29. Staufer-Open (A)"]
[Site "?"]
[Date "2017.01.05"]
[Round "7"]
[White "Braun, Peter"]
[Black "Bauer, Eckart"]
[Result "1-0"]
[WhiteElo "2240"]
[BlackElo "2141"]
[PlyCount "97"]
[EventDate "2017.??.??"]
[WhiteTeam "SK Frankenthal"]
[BlackTeam "SK Schmiden/Cannstatt"]

1. d4 f5 2. g3 Nf6 3. Bg2 d5 4. Nf3 e6 5. O-O c6 6. c4 Be7 7. b3 O-O 8. Bb2 Ne4
9. Ne5 Nd7 10. Nd3 Rf6 11. Nd2 Rh6 12. Nf3 g5 13. Nfe5 Qe8 14. e3 Ndf6 15. h3
Bd7 16. c5 Kh8 17. b4 Qg8 18. a4 Be8 19. Ra3 Bd8 20. Rb3 Qg7 21. Ba3 a6 22. Qe1
g4 23. h4 Nh5 24. Nf4 Nhxg3 25. fxg3 Nxg3 26. Qxg3 Bxh4 27. Nxe6 Bxg3 28. Nxg7
Bh2+ 29. Kf2 Kxg7 30. Bc1 Bxe5 31. dxe5 Re6 32. Kg3 Kg6 33. Kf4 Bf7 34. Rb1 h5
35. Rh1 Rh8 36. Rh4 Re7 37. Bd2 Rd8 38. Bc3 Be6 39. Bd4 Ra8 40. Bf1 Rh7 41. Bd3
Rf7 42. Rbh1 Rh7 43. Bc3 Rh6 44. Be1 Rh7 45. Bf2 Ra7 46. Rb1 Rh8 47. Bc2 Rf8
48. Rbh1 Rh8 49. Rxg4+ 1-0

[Event "29. Staufer-Open (A)"]
[Site "?"]
[Date "2017.01.05"]
[Round "7"]
[White "Pürckhauer, Sören"]
[Black "Namyslo, Holger"]
[Result "0-1"]
[WhiteElo "2145"]
[BlackElo "2233"]
[PlyCount "92"]
[EventDate "2017.??.??"]
[WhiteTeam "SK Sontheim/Brenz"]
[BlackTeam "TG Biberach"]

1. d4 d5 2. Nf3 Nf6 3. c3 c5 4. e3 e6 5. Nbd2 Nc6 6. Bd3 Qc7 7. O-O Be7 8. Re1
O-O 9. Qe2 h6 10. h3 b6 11. b3 e5 12. dxe5 Nxe5 13. Nxe5 Qxe5 14. Bb2 Bb7 15.
Ba6 Bxa6 16. Qxa6 Ne4 17. Nf3 Qe6 18. Qe2 Bf6 19. Rac1 Nd6 20. Ba3 Rfe8 21.
Red1 Rad8 22. Bb2 g5 23. Nh2 Bg7 24. Qf3 Ne4 25. Nf1 c4 26. Ng3 Nc5 27. Nf5 Nd3
28. Nxg7 Kxg7 29. Rc2 Qg6 30. Rcd2 b5 31. Rxd3 cxd3 32. c4+ Kh7 33. cxd5 Rd7
34. Ba3 a5 35. Bc5 Re5 36. Bd4 Rexd5 37. Rd2 a4 38. bxa4 bxa4 39. Qd1 Rxd4 40.
exd4 Rxd4 41. Qf3 Kg7 42. Qe3 Qd6 43. g3 Qd5 44. Kh2 Kh7 45. Qe8 Re4 46. Rxd3
Qf5 0-1

[Event "29. Staufer-Open (A)"]
[Site "?"]
[Date "2017.01.05"]
[Round "7"]
[White "Wartlick, Karl"]
[Black "Thomas, Ingo"]
[Result "1-0"]
[WhiteElo "2208"]
[BlackElo "2135"]
[PlyCount "99"]
[EventDate "2017.??.??"]
[WhiteTeam "TSV Willsbach"]
[BlackTeam "Krefelder SK Turm"]

1. Nf3 d5 2. e3 c5 3. b3 Nf6 4. Bb2 e6 5. a3 Nbd7 6. d4 Ne4 7. Be2 Be7 8. O-O
O-O 9. c4 dxc4 10. bxc4 b6 11. Qc2 Bb7 12. Bd3 Ndf6 13. Ne5 Rc8 14. f3 Nd6 15.
Qf2 b5 16. cxb5 c4 17. Bc2 Nxb5 18. Nc3 Qa5 19. Nxb5 Qxb5 20. a4 Qa5 21. Rfd1
Nd5 22. e4 c3 23. Bc1 Nb4 24. Bb3 Nc6 25. Nxc6 Bxc6 26. Be3 Rb8 27. Bc2 Rb2 28.
Rdc1 Rfb8 29. Qe1 Bb4 30. Qg3 Bf8 31. Qe1 Bb4 32. Qh4 Qd8 33. Qg3 Ba5 34. Qf2
R8b4 35. Qe1 Rb7 36. Qe2 R7b4 37. Qd3 Rb8 38. Rd1 Bb7 39. d5 Bb6 40. Bxb6 Qxb6+
41. Kh1 Qf2 42. Rac1 Ra2 43. d6 Ba6 44. Qxc3 Rd8 45. Qb3 Be2 46. Re1 h5 47. e5
h4 48. h3 g5 49. Qxa2 Bxf3 50. Bh7+ 1-0

[Event "29. Staufer-Open (A)"]
[Site "?"]
[Date "2017.01.05"]
[Round "7"]
[White "Nickel, Rüdiger"]
[Black "Held, Carsten"]
[Result "1-0"]
[WhiteElo "2203"]
[BlackElo "2054"]
[PlyCount "51"]
[EventDate "2017.??.??"]
[WhiteTeam "SK Dinkelsbühl"]
[BlackTeam "SC Ladja Roßdorf"]

1. e4 c5 2. Nf3 Nc6 3. d4 cxd4 4. Nxd4 g6 5. Nc3 Bg7 6. Be3 Nf6 7. Bc4 O-O 8.
Bb3 Ng4 9. Qxg4 Nxd4 10. Qd1 Nc6 11. Qd2 Qa5 12. Bh6 Bxc3 13. bxc3 Rd8 14. Bd5
e6 15. O-O Qc7 16. Bxc6 dxc6 17. Qg5 f6 18. Qxf6 Re8 19. Rad1 e5 20. Rd6 Qf7
21. Qg5 Be6 22. f4 Bc4 23. Rf6 Qc7 24. f5 Kh8 25. fxg6 Rg8 26. Rf7 1-0

[Event "29. Staufer-Open (B)"]
[Site "?"]
[Date "2017.01.05"]
[Round "7"]
[White "Hapke, Yvonne"]
[Black "Jäger, Hans-Ulrich"]
[Result "1/2-1/2"]
[WhiteElo "1737"]
[BlackElo "1876"]
[PlyCount "58"]
[EventDate "2017.??.??"]
[WhiteTeam "SC Bisingen-Steinhofen"]
[BlackTeam "SC Sillenbuch"]

1. e4 e5 2. Nf3 Nc6 3. d4 exd4 4. Nxd4 Bc5 5. Nb3 Bb6 6. Nc3 Qf6 7. Qe2 Nge7 8.
Be3 Bxe3 9. Qxe3 a6 10. O-O-O d6 11. f3 O-O 12. Kb1 Ne5 13. Nd4 Re8 14. g4 c5
15. Nf5 Be6 16. Be2 Nxf5 17. gxf5 Bc4 18. Nd5 Bxd5 19. Rxd5 b5 20. Rhd1 Nc4 21.
Bxc4 bxc4 22. Rxd6 Qxf5 23. R6d5 Qh3 24. Qf4 h6 25. Rxc5 Re6 26. Rf5 Rf8 27.
Rg1 g5 28. Qd2 Rfe8 29. c3 Qh4 1/2-1/2

[Event "29. Staufer-Open (B)"]
[Site "?"]
[Date "2017.01.05"]
[Round "7"]
[White "Zirlik, Rudi"]
[Black "Weist, Thorsten"]
[Result "1/2-1/2"]
[WhiteElo "1872"]
[BlackElo "1790"]
[PlyCount "74"]
[EventDate "2017.??.??"]
[WhiteTeam "SV Unterkochen"]
[BlackTeam "SV Hellern"]

1. d4 Nf6 2. g3 g6 3. Bg2 Bg7 4. c4 d6 5. Nc3 O-O 6. Nf3 Nbd7 7. O-O e5 8. dxe5
Nxe5 9. Nxe5 dxe5 10. Qxd8 Rxd8 11. Bg5 h6 12. Bxf6 Bxf6 13. Nd5 Bg7 14. Nxc7
Rb8 15. Nd5 Be6 16. Rac1 b5 17. Ne7+ Kf8 18. Nc6 Bxc4 19. Nxb8 Rxb8 20. Rfe1
Bxa2 21. Ra1 Bc4 22. Rxa7 f5 23. Rd1 e4 24. Rd6 Bxb2 25. Rxg6 Rd8 26. h4 Bd4
27. Rb7 Bxe2 28. Bf1 Bg4 29. Bxb5 e3 30. Bc4 exf2+ 31. Kh2 f1=N+ 32. Bxf1 Be5
33. Bc4 Rd2+ 34. Kg1 Bd4+ 35. Kf1 Rd1+ 36. Kg2 Rd2+ 37. Kf1 Rd1+ 1/2-1/2

[Event "29. Staufer-Open (A)"]
[Site "?"]
[Date "2017.01.05"]
[Round "7"]
[White "Burmakin, Vladimir"]
[Black "Keymer, Vincent"]
[Result "1-0"]
[WhiteElo "2526"]
[BlackElo "2428"]
[PlyCount "103"]
[EventDate "2017.??.??"]
[WhiteTeam "SF 90 Spraitbach"]
[BlackTeam "SK Gau-Algesheim"]

1. Nf3 d5 2. g3 c6 3. Bg2 Bg4 4. c4 e6 5. cxd5 exd5 6. Qb3 Qb6 7. Qc2 Nf6 8. d3
Be7 9. O-O O-O 10. Nc3 Na6 11. h3 Bh5 12. Be3 c5 13. Bg5 Qe6 14. Qb3 d4 15.
Bxf6 Bxf6 16. Nd5 Rfb8 17. Rfc1 Be7 18. Nxe7+ Qxe7 19. Qd5 Bg6 20. Nh4 Qxe2 21.
Nxg6 hxg6 22. Re1 Qxd3 23. Be4 Nb4 24. Qxc5 Qd2 25. Rad1 Na6 26. Qd5 Qh6 27.
Bg2 Nb4 28. Qc4 Nc6 29. b4 a6 30. a4 Re8 31. Rxe8+ Rxe8 32. b5 axb5 33. axb5
Ne5 34. Qxd4 Qh5 35. g4 Qh4 36. f4 Nxg4 37. hxg4 Qxg4 38. Rf1 g5 39. Qd1 Qf5
40. Qd5 Qxd5 41. Bxd5 gxf4 42. Bxb7 g5 43. Rb1 Rb8 44. Be4 Rb6 45. Kf2 Kg7 46.
Kf3 Kf6 47. Kg4 Ke5 48. Bc6 f6 49. Re1+ Kd6 50. Kf5 f3 51. Re6+ Kc5 52. Rxf6
1-0

[Event "29. Staufer-Open (A)"]
[Site "?"]
[Date "2017.01.05"]
[Round "8"]
[White "Fedorchuk, Sergey A"]
[Black "Burmakin, Vladimir"]
[Result "1/2-1/2"]
[WhiteElo "2625"]
[BlackElo "2526"]
[PlyCount "62"]
[EventDate "2017.??.??"]
[BlackTeam "SF 90 Spraitbach"]

1. e4 c6 2. d4 d5 3. e5 Bf5 4. h4 h5 5. c4 e6 6. Nc3 Ne7 7. Nge2 dxc4 8. Ng3 b5
9. Bg5 Qd7 10. a4 b4 11. Na2 b3 12. Nc3 Bc2 13. Qd2 c5 14. dxc5 Qxd2+ 15. Kxd2
Nec6 16. Nb5 Na6 17. Na3 Nxe5 18. Re1 Nd3 19. Nxc2 bxc2 20. Bxd3 cxd3 21. Kxd3
Bxc5 22. Ne4 Nb4+ 23. Kc4 Bf8 24. Bd2 Rc8+ 25. Kb3 Nd3 26. Ref1 Be7 27. Nc3
Nc5+ 28. Kxc2 Nxa4 29. Ra1 Nxc3 30. bxc3 Bc5 31. Be3 Bxe3 1/2-1/2

[Event "29. Staufer-Open (A)"]
[Site "?"]
[Date "2017.01.05"]
[Round "8"]
[White "Miezis, Normunds"]
[Black "Zeller, Frank"]
[Result "1-0"]
[WhiteElo "2507"]
[BlackElo "2389"]
[PlyCount "59"]
[EventDate "2017.??.??"]
[WhiteTeam "SC Emmendingen"]
[BlackTeam "SK Schwäbisch Hall"]

1. c4 e6 2. e4 c5 3. Nc3 Nc6 4. d3 Nge7 5. Nf3 d5 6. exd5 exd5 7. Bf4 a6 8. Qe2
Be6 9. O-O-O Nd4 10. Qe1 h6 11. Be5 Nxf3 12. gxf3 d4 13. Ne4 Ng6 14. f4 Nxe5
15. fxe5 Qh4 16. Kb1 Qf4 17. Ng3 g6 18. Bg2 Rb8 19. Rd2 h5 20. Re2 h4 21. Ne4
Be7 22. Nd6+ Kd7 23. Nxb7 h3 24. Be4 Rh5 25. Qa5 Ke8 26. Nxc5 Bg4 27. f3 Bf5
28. Bxf5 Qxf5 29. Qa4+ Kd8 30. e6 1-0

[Event "29. Staufer-Open (A)"]
[Site "?"]
[Date "2017.01.05"]
[Round "8"]
[White "Gavrilov, Alexei"]
[Black "Nagy, Gabor"]
[Result "1/2-1/2"]
[WhiteElo "2498"]
[BlackElo "2433"]
[PlyCount "34"]
[EventDate "2017.??.??"]

1. d4 Nf6 2. c4 c5 3. d5 b5 4. cxb5 a6 5. bxa6 g6 6. Nc3 Bg7 7. e4 O-O 8. Nf3
Qa5 9. a7 Nxe4 10. axb8=Q Rxb8 11. Qc2 Nxc3 12. Bd2 Qa4 13. b3 Qe4+ 14. Qxe4
Nxe4 15. Rc1 Bb7 16. Bc4 d6 17. O-O Ra8 1/2-1/2

[Event "29. Staufer-Open (A)"]
[Site "?"]
[Date "2017.01.05"]
[Round "8"]
[White "Kantor, Gergely"]
[Black "Bayer, Bernhard"]
[Result "1/2-1/2"]
[WhiteElo "2448"]
[BlackElo "2436"]
[PlyCount "23"]
[EventDate "2017.??.??"]
[BlackTeam "SK Weilheim"]

1. d4 Nf6 2. c4 e6 3. g3 Bb4+ 4. Bd2 Qe7 5. Bg2 Nc6 6. e3 e5 7. d5 Bxd2+ 8.
Qxd2 Nb8 9. d6 Qxd6 10. Qxd6 cxd6 11. Nc3 Na6 12. Nb5 1/2-1/2

[Event "29. Staufer-Open (A)"]
[Site "?"]
[Date "2017.01.05"]
[Round "8"]
[White "Ewert, Hannes"]
[Black "Dgebuadze, Alexandre"]
[Result "1/2-1/2"]
[WhiteElo "2184"]
[BlackElo "2505"]
[PlyCount "87"]
[EventDate "2017.??.??"]
[WhiteTeam "SV Hellern"]

1. e4 e6 2. d4 d5 3. e5 c5 4. c3 Qb6 5. Nf3 Bd7 6. a3 Ne7 7. b4 cxd4 8. cxd4
Bb5 9. Bxb5+ Qxb5 10. Nc3 Qc6 11. Bb2 Nc8 12. Rc1 Nb6 13. Nd2 Qd7 14. O-O Nc6
15. Ne2 Be7 16. Nf4 O-O 17. Nd3 Rfd8 18. Nc5 Bxc5 19. dxc5 Nc8 20. Nf3 N8e7 21.
Bd4 Nf5 22. Bb2 a6 23. Qd3 Qe7 24. Rfe1 Rd7 25. g3 Qd8 26. h4 h6 27. Kg2 d4 28.
Re4 Rd5 29. h5 Rc8 30. Kh3 f6 31. g4 fxe5 32. Rce1 Nfe7 33. Nxe5 Nxe5 34. Rxe5
Rxe5 35. Rxe5 Nc6 36. Rxe6 Qd5 37. Qe4 Qb3+ 38. Kg2 Qxb2 39. Re8+ Rxe8 40.
Qxe8+ Kh7 41. Qg6+ Kh8 42. Qe8+ Kh7 43. Qg6+ Kh8 44. Qe8+ 1/2-1/2

[Event "29. Staufer-Open (A)"]
[Site "?"]
[Date "2017.01.05"]
[Round "8"]
[White "Keymer, Vincent"]
[Black "Hecht, Carsten"]
[Result "0-1"]
[WhiteElo "2428"]
[BlackElo "2240"]
[PlyCount "130"]
[EventDate "2017.??.??"]
[WhiteTeam "SK Gau-Algesheim"]
[BlackTeam "LSV Turm Lippstadt"]

1. d4 Nf6 2. c4 g6 3. Nc3 d5 4. Bg5 Ne4 5. Bf4 Nxc3 6. bxc3 Bg7 7. cxd5 Qxd5 8.
Nf3 c5 9. e3 cxd4 10. cxd4 Nc6 11. Be2 O-O 12. O-O b6 13. Rc1 Bb7 14. Bc4 Qd7
15. Qe2 Rac8 16. Bb5 Qf5 17. Bg3 Na5 18. Bd3 Qd7 19. Ne5 Qd5 20. f3 Rxc1 21.
Rxc1 Rc8 22. Rxc8+ Bxc8 23. Be4 Qd8 24. Qc2 Ba6 25. h3 e6 26. a4 Bf8 27. Nc6
Nxc6 28. Qxc6 Be7 29. Kh1 Kf8 30. d5 exd5 31. Bxd5 Qc8 32. Bc7 Bd8 33. Qd6+ Be7
34. Qf4 Qf5 35. Qd4 Bf6 36. Qb4+ Be7 37. Qc3 Bf6 38. Qc6 Kg7 39. e4 Qg5 40. Qd7
Be7 41. f4 Qh4 42. Qe8 Qe1+ 43. Kh2 Bc5 44. Be5+ Kh6 45. Bd4 Bxd4 46. Qf8+ Bg7
47. Qxf7 Qb4 48. Qxa7 Qd6 49. Qf7 Qf6 50. Qc7 g5 51. fxg5+ Kxg5 52. Qg3+ Kh6
53. Qe3+ Kg6 54. Qg3+ Kh5 55. Qg4+ Kh6 56. Bb3 Qe5+ 57. Kh1 Bf6 58. Qf3 Qc3 59.
Qf4+ Bg5 60. Qf8+ Qg7 61. Qa3 Qf6 62. Qb4 Qf1+ 63. Kh2 Bf4+ 64. g3 Qf2+ 65. Kh1
Qf3+ 0-1

[Event "29. Staufer-Open (A)"]
[Site "?"]
[Date "2017.01.05"]
[Round "8"]
[White "Stets, Dmitry"]
[Black "Hildenbrand, Peter"]
[Result "1/2-1/2"]
[WhiteElo "2425"]
[BlackElo "2226"]
[PlyCount "120"]
[EventDate "2017.??.??"]
[WhiteTeam "SF Gerresheim"]
[BlackTeam "SC Leimen"]

1. e4 d6 2. d4 Nf6 3. Nc3 e5 4. Nf3 Nbd7 5. Bc4 Be7 6. a4 a5 7. O-O h6 8. Re1
c6 9. b3 Qc7 10. Bb2 O-O 11. h3 Re8 12. dxe5 dxe5 13. Nh4 Nf8 14. Qf3 Be6 15.
Bxe6 Nxe6 16. Nf5 Nd4 17. Nxd4 exd4 18. Ne2 c5 19. c3 Bd6 20. cxd4 Nxe4 21.
Rac1 b6 22. Nc3 Nxc3 23. Bxc3 f6 24. Qd5+ Kh8 25. Qh5 Qd7 26. Rcd1 Rxe1+ 27.
Rxe1 cxd4 28. Bxd4 Bh2+ 29. Kxh2 Qxd4 30. Qf3 Rd8 31. Re6 Kg8 32. g3 Rb8 33.
Re4 Qd8 34. Qe3 Kh8 35. Re7 Qd6 36. Ra7 Qd5 37. h4 Qd1 38. Qe7 Rg8 39. Qe6 Qd4
40. Kg2 Rb8 41. Rd7 Qc5 42. Rd6 Qb4 43. Rd5 Qf8 44. h5 Qb4 45. Qe3 Qf8 46. Qd4
Qf7 47. Rd8+ Rxd8 48. Qxd8+ Kh7 49. Qxb6 Qd5+ 50. f3 Qxh5 51. b4 Qf5 52. Qc5
Qb1 53. b5 Qa2+ 54. Kh3 Qxa4 55. Qf5+ Kh8 56. b6 Qc6 57. Qb1 Qb7 58. Qb5 a4 59.
Qxa4 Qxb6 60. Qe8+ Kh7 1/2-1/2

[Event "29. Staufer-Open (A)"]
[Site "?"]
[Date "2017.01.05"]
[Round "8"]
[White "Bogdanov, Egor"]
[Black "Akhras, Khaled"]
[Result "1-0"]
[WhiteElo "2379"]
[BlackElo "2197"]
[PlyCount "87"]
[EventDate "2017.??.??"]
[WhiteTeam "SF Gerresheim"]

1. e4 e5 2. d4 exd4 3. Nf3 Nc6 4. c3 d5 5. Bd3 Nf6 6. e5 Ne4 7. cxd4 Bb4+ 8.
Kf1 O-O 9. Nc3 Bf5 10. Qc2 Bg6 11. h4 Be7 12. a3 Nxc3 13. bxc3 Qd7 14. Rh3
Bxd3+ 15. Qxd3 f6 16. exf6 Bxf6 17. Bg5 Rae8 18. Bxf6 Rxf6 19. Ng5 Qf5 20. Qxf5
Rxf5 21. Re1 Rxe1+ 22. Kxe1 h6 23. Ne6 Rf7 24. Re3 b6 25. h5 Re7 26. Nf4 Rxe3+
27. fxe3 Ne7 28. Ke2 Kf7 29. e4 dxe4 30. Ke3 Nf5+ 31. Kxe4 Nd6+ 32. Kd5 Nb5 33.
Kc6 Nxa3 34. d5 a5 35. Nd3 Nb1 36. c4 Nd2 37. Nb2 a4 38. Nxa4 Nxc4 39. Nc3 Ne3
40. Kxc7 Nxg2 41. d6 Nf4 42. d7 Ne6+ 43. Kc8 Ke7 44. Nd5+ 1-0

[Event "29. Staufer-Open (A)"]
[Site "?"]
[Date "2017.01.05"]
[Round "8"]
[White "Smolny, Frieder"]
[Black "Buckels, Valentin"]
[Result "0-1"]
[WhiteElo "2161"]
[BlackElo "2309"]
[PlyCount "80"]
[EventDate "2017.??.??"]
[WhiteTeam "SC Weiße Dame Ulm"]
[BlackTeam "SV Mülheim-Nord"]

1. d4 Nf6 2. c4 e6 3. g3 d5 4. Nf3 Bb4+ 5. Bd2 Be7 6. Bg2 c6 7. Qc2 b6 8. O-O
Ba6 9. b3 O-O 10. Bf4 Nbd7 11. Nc3 Rc8 12. e4 dxc4 13. Rfd1 Bb4 14. Nd2 b5 15.
bxc4 bxc4 16. a3 Be7 17. Qa4 Bb5 18. Nxb5 Nb6 19. Qxa7 cxb5 20. Rdc1 Na4 21.
Qb7 Qd7 22. e5 Rc7 23. Qf3 Nd5 24. Ne4 Nxf4 25. Qxf4 Rd8 26. Nf6+ gxf6 27. exf6
Bf8 28. Re1 Kh8 29. Rad1 c3 30. Rc1 Rc4 31. Be4 Rxd4 32. Qf3 h6 33. Bc6 Rd3 34.
Qe4 Qd4 35. Bxb5 Qxe4 36. Rxe4 Rd1+ 37. Re1 Rxe1+ 38. Rxe1 Nb2 39. Rc1 Rd1+ 40.
Rxd1 Nxd1 0-1

[Event "29. Staufer-Open (A)"]
[Site "?"]
[Date "2017.01.05"]
[Round "8"]
[White "Jurek, Josef"]
[Black "Höglauer, Patrick"]
[Result "1/2-1/2"]
[WhiteElo "2272"]
[BlackElo "2195"]
[PlyCount "21"]
[EventDate "2017.??.??"]
[WhiteTeam "SG Schwäbisch Gmünd"]
[BlackTeam "SC Grunbach"]

1. Nf3 Nf6 2. c4 c6 3. e3 d5 4. Nc3 a6 5. b3 Bf5 6. Be2 h6 7. Bb2 Nbd7 8. d4 e6
9. Ne5 Nxe5 10. dxe5 Nd7 11. f4 1/2-1/2

[Event "29. Staufer-Open (A)"]
[Site "?"]
[Date "2017.01.05"]
[Round "8"]
[White "Namyslo, Holger"]
[Black "Velicka, Petr"]
[Result "0-1"]
[WhiteElo "2233"]
[BlackElo "2420"]
[PlyCount "50"]
[EventDate "2017.??.??"]
[WhiteTeam "TG Biberach"]
[BlackTeam "SK Passau"]

1. e4 e5 2. Nf3 Nc6 3. Bb5 Nf6 4. O-O Nxe4 5. d4 Nd6 6. Bg5 Be7 7. Bxe7 Qxe7 8.
dxe5 Nxb5 9. a4 O-O 10. axb5 Nxe5 11. Nc3 d6 12. Nxe5 dxe5 13. Re1 f6 14. Ra3
Be6 15. Qf3 Rfb8 16. Rea1 Qc5 17. Ne4 Qxb5 18. Nxf6+ Kh8 19. Ne4 Qxb2 20. Nc5
Bg8 21. Nd3 Qxc2 22. Qe3 e4 23. Rc1 exd3 24. Rxc2 dxc2 25. Qd2 Re8 0-1

[Event "29. Staufer-Open (A)"]
[Site "?"]
[Date "2017.01.05"]
[Round "8"]
[White "Skembris, Spyridon"]
[Black "Braun, Peter"]
[Result "1/2-1/2"]
[WhiteElo "2388"]
[BlackElo "2240"]
[PlyCount "78"]
[EventDate "2017.??.??"]
[WhiteTeam "SC Grunbach"]
[BlackTeam "SK Frankenthal"]

1. c4 Nf6 2. g3 c5 3. Bg2 Nc6 4. Nc3 e6 5. Nf3 d5 6. cxd5 Nxd5 7. O-O Be7 8.
Nxd5 exd5 9. d4 O-O 10. dxc5 Bxc5 11. b3 Bf5 12. Bb2 Be4 13. Ne5 Nxe5 14. Bxe5
Qe7 15. Bb2 Rfd8 16. Rc1 Rac8 17. e3 Bxg2 18. Kxg2 Rc6 19. Qf3 Ba3 20. Bxa3
Qxa3 21. Rcd1 Qxa2 22. Rxd5 Rxd5 23. Qxd5 h6 24. Rd1 Qc2 25. Rd2 Qg6 26. e4 Qe6
27. Rd4 Rb6 28. Qd8+ Kh7 29. b4 Rc6 30. Qd5 Kg8 31. b5 Rb6 32. Qc5 a6 33. bxa6
bxa6 34. h4 Rb5 35. Qc2 Rb8 36. Qd3 Re8 37. Ra4 Qc6 38. Rxa6 Qxe4+ 39. Qxe4
Rxe4 1/2-1/2

[Event "29. Staufer-Open (A)"]
[Site "?"]
[Date "2017.01.05"]
[Round "8"]
[White "Henrich, Thomas"]
[Black "Kostic, Vladimir"]
[Result "1/2-1/2"]
[WhiteElo "2224"]
[BlackElo "2352"]
[PlyCount "109"]
[EventDate "2017.??.??"]
[WhiteTeam "SK Marburg"]
[BlackTeam "SK München Südost"]

1. d4 d5 2. c4 dxc4 3. Nf3 a6 4. e3 b5 5. a4 Bb7 6. b3 e6 7. axb5 Bb4+ 8. Bd2
Bxd2+ 9. Nbxd2 c3 10. Nb1 axb5 11. Bxb5+ c6 12. Rxa8 Bxa8 13. Ba4 Nf6 14. Nxc3
O-O 15. O-O Qa5 16. Qe1 Qh5 17. Ne5 c5 18. Qe2 cxd4 19. exd4 Qxe2 20. Nxe2 Nd5
21. Rc1 h5 22. Bb5 Rd8 23. Ra1 f6 24. Rxa8 fxe5 25. Bc4 Nb6 26. Bxe6+ Kf8 27.
Ra1 exd4 28. Nf4 Nc6 29. Bf5 Rd6 30. g3 Ne7 31. Bd3 h4 32. gxh4 Ned5 33. Ng6+
Ke8 34. h5 Nb4 35. Rd1 Kd8 36. Ne5 Re6 37. f4 Rf6 38. f5 Nxd3 39. Rxd3 Rxf5 40.
Rxd4+ Kc7 41. Nc4 Rg5+ 42. Kh1 Nd7 43. Nd6 Ne5 44. Ne8+ Kc6 45. h4 Rg3 46. Kh2
Rxb3 47. Rd6+ Kc5 48. Ra6 Rb7 49. Kg3 Rf7 50. Nd6 Rf3+ 51. Kg2 Rf4 52. Ne8 Rxh4
53. Ra5+ Kd4 54. Ra4+ Nc4 55. Nd6 1/2-1/2

[Event "29. Staufer-Open (A)"]
[Site "?"]
[Date "2017.01.05"]
[Round "8"]
[White "Hahn, Markus"]
[Black "Wartlick, Karl"]
[Result "0-1"]
[WhiteElo "2324"]
[BlackElo "2208"]
[PlyCount "60"]
[EventDate "2017.??.??"]
[WhiteTeam "Kasseler SK"]
[BlackTeam "TSV Willsbach"]

1. d4 e6 2. c4 b6 3. Nf3 Nf6 4. g3 Bb4+ 5. Bd2 Qe7 6. Bg2 Bb7 7. O-O Bxd2 8.
Qxd2 d6 9. Nc3 O-O 10. Rad1 Nbd7 11. d5 e5 12. Nh4 g6 13. Bh3 Nc5 14. Qe3 Rae8
15. b4 Ncd7 16. Nb5 a6 17. Na7 e4 18. Qb3 Ne5 19. f4 exf3 20. exf3 Qd8 21. f4
Neg4 22. Rfe1 Rxe1+ 23. Rxe1 Re8 24. Qd1 Ne3 25. Qd4 Nxc4 26. Rxe8+ Qxe8 27.
Qxc4 Qe3+ 28. Kf1 Bxd5 29. Qc2 Ne4 30. Qe2 Bc4 0-1

[Event "29. Staufer-Open (A)"]
[Site "?"]
[Date "2017.01.05"]
[Round "8"]
[White "Krämer, Enrico"]
[Black "Frischmann, Rick"]
[Result "1/2-1/2"]
[WhiteElo "2223"]
[BlackElo "2323"]
[PlyCount "85"]
[EventDate "2017.??.??"]
[WhiteTeam "SG Speyer-Schwegenheim"]
[BlackTeam "SC Schwarzenbach"]

1. d4 Nf6 2. c4 g6 3. Nc3 d5 4. Nf3 Bg7 5. Qb3 dxc4 6. Qxc4 O-O 7. e4 Na6 8.
Be2 c5 9. d5 e6 10. O-O exd5 11. exd5 Bf5 12. Bg5 h6 13. Bh4 Re8 14. Bd3 Bxd3
15. Qxd3 Qb6 16. Rfd1 Rad8 17. a3 Rd7 18. Rab1 Nh5 19. Qc4 g5 20. Bg3 Nxg3 21.
hxg3 Red8 22. Nh2 Qg6 23. Rd3 Bxc3 24. bxc3 Rxd5 25. Rxd5 Qxb1+ 26. Nf1 Qb6 27.
Ne3 Re8 28. Rd7 Re6 29. Qd5 Nc7 30. Qf5 Rf6 31. Qe5 Na6 32. Qe8+ Kg7 33. Ng4
Rf5 34. Rd8 Kg6 35. Qg8+ Kh5 36. Ne3 Rf6 37. g4+ Kh4 38. f3 c4 39. Kh2 Rxf3 40.
Nf5+ Rxf5 41. gxf5 Qc7+ 42. Kg1 Qe5 43. Qe8 1/2-1/2

[Event "29. Staufer-Open (A)"]
[Site "?"]
[Date "2017.01.05"]
[Round "8"]
[White "Walter, Kevin"]
[Black "Wichmann, Cliff"]
[Result "1/2-1/2"]
[WhiteElo "2178"]
[BlackElo "2319"]
[PlyCount "159"]
[EventDate "2017.??.??"]
[WhiteTeam "SK Sontheim/Brenz"]
[BlackTeam "ESV Nickelhütte Aue"]

1. e4 e6 2. d4 d5 3. Nd2 Nf6 4. e5 Nfd7 5. Bd3 c5 6. c3 Nc6 7. Ne2 cxd4 8. cxd4
f6 9. exf6 Nxf6 10. Nf3 Bd6 11. Bf4 Qa5+ 12. Qd2 Qxd2+ 13. Kxd2 Bxf4+ 14. Nxf4
O-O 15. Ne2 Bd7 16. Nc3 Nh5 17. Rhe1 Rf6 18. Nd1 Be8 19. Bb5 Na5 20. Bxe8 Nc4+
21. Ke2 Rxe8 22. b3 Nd6 23. Ne3 Ne4 24. Rec1 Nf4+ 25. Kf1 h5 26. Rc7 Nd3 27.
Rxb7 Ndxf2 28. Ke2 Rc8 29. Rf1 Ng4 30. Rxa7 Nxe3 31. Kxe3 Rc3+ 32. Ke2 Rc2+ 33.
Ke3 Rxg2 34. h4 Ng3 35. Ra8+ Kh7 36. Ng5+ Kg6 37. Rxf6+ gxf6 38. Nxe6 Nf5+ 39.
Kd3 Rg3+ 40. Kd2 Kf7 41. Nc7 Nxd4 42. Nxd5 Nf3+ 43. Kc3 Nxh4+ 44. Kc4 Nf3 45.
b4 h4 46. b5 h3 47. b6 h2 48. Rh8 Rg4+ 49. Kc5 Rh4 50. Rxh4 Nxh4 51. b7 h1=Q
52. b8=Q Qc1+ 53. Kb5 Qf1+ 54. Kc5 Qf2+ 55. Kb5 Nf5 56. Qc7+ Kg6 57. a4 Qe2+
58. Ka5 Qd2+ 59. Nb4 Nd4 60. Qg3+ Kf7 61. Qc7+ Ke6 62. Qc8+ Ke5 63. Qe8+ Kf4
64. Qb8+ Kf3 65. Qb7+ Kf2 66. Qe4 f5 67. Qd5 f4 68. Qa2 Qxa2 69. Nxa2 Ke3 70.
Nc3 f3 71. Kb6 Kd3 72. Nd1 Kd2 73. Nf2 Ke3 74. Ng4+ Kf4 75. Nf2 Nb3 76. a5 Nxa5
77. Kxa5 Ke3 78. Ng4+ Ke2 79. Kb4 f2 80. Nxf2 1/2-1/2

[Event "29. Staufer-Open (A)"]
[Site "?"]
[Date "2017.01.05"]
[Round "8"]
[White "Rafiee, Makan"]
[Black "Nickel, Rüdiger"]
[Result "1-0"]
[WhiteElo "2316"]
[BlackElo "2203"]
[PlyCount "55"]
[EventDate "2017.??.??"]
[WhiteTeam "Kasseler SK"]
[BlackTeam "SK Dinkelsbühl"]

1. e4 c5 2. Nf3 d6 3. d4 cxd4 4. Nxd4 Nf6 5. Nc3 Nc6 6. Bc4 Na5 7. Be2 a6 8.
Bg5 e6 9. f4 h6 10. Bh4 Be7 11. Qd3 Qc7 12. Qg3 O-O 13. e5 Nd5 14. Nxd5 exd5
15. Bf6 g6 16. Qh4 Bxf6 17. exf6 Kh7 18. Nf3 Rh8 19. O-O-O Bf5 20. Bd3 Be4 21.
Ng5+ Kg8 22. Nxe4 dxe4 23. Bxe4 Rc8 24. Rhe1 Nc4 25. Qg3 Qb6 26. b3 d5 27. Bxd5
Na3 28. Qxg6+ 1-0

[Event "29. Staufer-Open (A)"]
[Site "?"]
[Date "2017.01.05"]
[Round "8"]
[White "Böhm, Martin"]
[Black "Kersten, Uwe"]
[Result "1/2-1/2"]
[WhiteElo "2204"]
[BlackElo "2280"]
[PlyCount "22"]
[EventDate "2017.??.??"]
[WhiteTeam "SC Bann"]
[BlackTeam "Kasseler SK"]

1. Nf3 Nf6 2. c4 c5 3. g3 b6 4. Bg2 Bb7 5. O-O g6 6. Nc3 Bg7 7. Re1 O-O 8. e4
Nc6 9. d3 d6 10. a3 Ne8 11. Rb1 Nc7 1/2-1/2

[Event "29. Staufer-Open (A)"]
[Site "?"]
[Date "2017.01.05"]
[Round "8"]
[White "Azimi, Reza"]
[Black "Müller, Reinhold"]
[Result "0-1"]
[WhiteElo "2035"]
[BlackElo "2256"]
[PlyCount "68"]
[EventDate "2017.??.??"]
[WhiteTeam "Münchener SC"]
[BlackTeam "SC Schwarzenbach"]

1. e4 c5 2. Nf3 d6 3. d4 cxd4 4. Nxd4 Nf6 5. Nc3 g6 6. g3 Bg7 7. Bg2 O-O 8. O-O
Nc6 9. Nde2 Be6 10. h3 Rc8 11. Be3 Qa5 12. Nf4 Ne5 13. Ncd5 Nxd5 14. exd5 Bf5
15. Bd2 Qa4 16. b3 Qa6 17. c4 b5 18. g4 Bd7 19. Re1 bxc4 20. Bf1 Qa3 21. Re3
cxb3 22. Rxb3 Qa4 23. Rb7 Qxd1 24. Rxd1 Ba4 25. Rb3 Bxb3 26. axb3 Nf3+ 27. Kg2
Nxd2 28. Rxd2 Bh6 29. Rd4 Bxf4 30. Rxf4 Rc5 31. Bc4 Rb8 32. Re4 Kf8 33. Re2 a5
34. Ra2 Rb4 0-1

[Event "29. Staufer-Open (A)"]
[Site "?"]
[Date "2017.01.05"]
[Round "8"]
[White "Gießmann, Stephan"]
[Black "Shahin, Walid"]
[Result "1-0"]
[WhiteElo "2250"]
[BlackElo "2137"]
[PlyCount "37"]
[EventDate "2017.??.??"]
[WhiteTeam "SK Kelheim"]
[BlackTeam "SK Weilheim"]

1. d4 Nf6 2. Nf3 e6 3. Bg5 Be7 4. Nbd2 b6 5. e3 c5 6. c3 O-O 7. Bd3 Ba6 8. Bxa6
Nxa6 9. O-O Nc7 10. Ne5 cxd4 11. cxd4 Nfd5 12. Bxe7 Nxe7 13. Rc1 f6 14. Nd3 d5
15. Qa4 a5 16. Rc3 Qd6 17. Rfc1 Na6 18. a3 Nb4 19. axb4 1-0